000 00747nam a2200289 a 4500
003 AR-BaBNM
005 20251128203109.0
008 082120s2002 ||||||||||||||000 | spa||
040 _cAR-BaBNM
100 1 _aFarré, Luis
245 0 0 _aAntropología filosófica
_bel hombre y sus problemas
260 _aMadrid
_bGuadarrama
_c1968
300 _a460 p.
490 0 _aTextos universitarios
_vv. 6
650 4 _aANTROPOLOGIA CULTURAL Y SOCIAL
650 4 _aMISTICISMO
650 4 _aESTUDIOS CULTURALES
650 4 _aCULTUROLOGIA
650 4 _aETICA
650 4 _aVALORES MORALES
650 4 _aRELIGION
650 4 _aGRUPOS ETNICOS
653 _aANTROPOLOGIA FILOSOFICA
653 _aESCEPTICISMO
942 _cBK
998 _cCarmen
999 _c1874
_d1874